Essays in biochemistry (Record no. 164650)

MARC details
000 -LEADER
fixed length control field 00810cas a22002531 4500
008 - FIXED-LENGTH DATA ELEMENTS--GENERAL INFORMATION
fixed length control field
022 0# - INTERNATIONAL STANDARD SERIAL NUMBER
International Standard Serial Number 0121581071 (pbk)
049 ## - LOCAL HOLDINGS (OCLC)
Holding library MAIN
090 ## - LOCALLY ASSIGNED LC-TYPE CALL NUMBER (OCLC); LOCAL CALL NUMBER (RLIN)
Classification number (OCLC) (R) ; Classification number, CALL (RLIN) (NR) QP514
Local cutter number (OCLC) ; Book number/undivided call number, CALL (RLIN) ESS
003 - CONTROL NUMBER IDENTIFIER
control field
005 - DATE AND TIME OF LATEST TRANSACTION
control field 20230123134350.0
040 ## - CATALOGING SOURCE
Transcribing agency NUST
210 0# - ABBREVIATED TITLE
Abbreviated title Essays biochem.
245 00 - TITLE STATEMENT
Title Essays in biochemistry
Number of part/section of a work vol. 7 /
Statement of responsibility, etc. edited for The Biochemical Society by P. N. Campbell, F. Dickens.
260 ## - PUBLICATION, DISTRIBUTION, ETC.
Place of publication, distribution, etc. London :
Name of publisher, distributor, etc. Published for the Biochemical Society by Academic Press
Date of publication, distribution, etc. 1971.
300 ## - PHYSICAL DESCRIPTION
Extent v. :
Other physical details ill. ;
Dimensions 23 cm.
510 2# - CITATION/REFERENCES NOTE
Name of source Life sciences collection.
650 #0 - SUBJECT ADDED ENTRY--TOPICAL TERM
Topical term or geographic name entry element Biochemistry
General subdivision Periodicals.
700 1# - ADDED ENTRY--PERSONAL NAME
Personal name Campbell, P. N.
700 1# - ADDED ENTRY--PERSONAL NAME
Personal name Dickens, F.
710 2# - ADDED ENTRY--CORPORATE NAME
Corporate name or jurisdiction name as entry element Biochemical Society (Great Britain)
907 ## - LOCAL DATA ELEMENT G, LDG (RLIN)
a .b10229796
b 24-04-13
c 09-02-07
942 ## - ADDED ENTRY ELEMENTS (KOHA)
Koha item type Ordinary Loan Books
Call number prefix QP514
Call number suffix ESS
Holdings
Date last seen Total Checkouts Full call number Barcode Cost, replacement price Price effective from Koha item type Lost status Source of classification or shelving scheme Damaged status Not for loan Collection Withdrawn status Home library Current library Shelving location Date acquired Cost, normal purchase price
01/23/2023   QP514 ESS 92003006810 80.00 01/23/2023 BOOKS   LCC     NFIC   MAIN MAIN GEN 01/23/2023 80.00